| 000 | 01851cam a2200325 ia4500 | ||
|---|---|---|---|
| 003 | SA-RiAUC | ||
| 005 | 20241224074345.0 | ||
| 008 | 241223s2011____ku o g f001 0 ara c | ||
| 040 |
_aKW-KcMOE _bara _cSA-RiAUC _dKW-KwMAI _erda |
||
| 082 | 0 | 4 |
_a210.8 _qSA-RiAUC |
| 090 |
_a210.8 _bع ل م |
||
| 245 | 0 | 0 |
_aعلماء وأعلام كتبوا في مجلة الوعي الإسلامي الكويتية : _bمقالات حصرية نشرت في المجلة لـ 35 عالما من علماء الأمة الإسلامية وأعلامها ما بين عامي 1385 هـ.-1426 هـ. / _c جمع مجلة الوعي الإسلامي |
| 246 | 3 |
_aعلماء وأعلام كتبوا في مجلة الوعي الإسلامي الكويتية : _bمقالات حصرية نشرت في المجلة لخمس وثلاثين عالما من علماء الأمة الإسلامية وأعلامها ما بين عامي 1385 هـ.-1426 هـ. |
|
| 250 | _aالطبعة الأولى. | ||
| 264 | 1 |
_aالكويت : _bوزارة الأوقاف والشؤون الإسلامية، قطاع الشؤون الثقافية، _c2011 |
|
| 300 |
_a2 مجلد : _bصور ؛ _c25 سم. |
||
| 336 |
_aنص _btxt _2rdacontent _3كتاب |
||
| 337 |
_aبدون وسيط _bn _2rdamedia |
||
| 338 |
_aمجلد _bnc _2rdacarrier |
||
| 490 | 1 |
_aالوعي الإسلامي ؛ _v14 |
|
| 500 | _aكشاف الأعلام : مجلد 2، صفحة 629-630. | ||
| 520 | 0 | _aالإسلام. | |
| 650 | 7 |
_aالإسلام _vمقالات ومحاضرات _2aucsh |
|
| 710 | 2 |
_aمجلة الوعي الإسلامي (الكويت) _eجامع. |
|
| 830 | 2 |
_aالوعي الإسلامي (الكويت. وزارة الأوقاف والشؤون الإسلامية) _v14 |
|
| 856 | 4 |
_uBooks/20 _f1 |
|
| 856 | 4 |
_uBooks/21 _f2 |
|
| 942 |
_2ddc _cBOOK _n0 |
||
| 949 |
_aSA-JeALM _d241223 _uosman123 _n1 |
||
| 999 |
_c3861 _d3861 |
||